NOVA ponúka Reálovky Ruda Prekopa

Bibliographic Details
Format: Article
Language:Slovak
Subjects:

MARC

LEADER 00000nab a2200000 a 4500
001 vtls010098151
003 SK-MaSNL
005 20260305014245.0
008 171110c20100521xo drz 0 0slo
038 |a KEVKJB 
040 |a KEVKJB  |b slo  |c KEVKJB  |e AACR2 
041 0 |a slo 
044 |a xo  |c SK 
080 |a 77.04:061.4  |2 2001 
080 |a 027.53  |2 2001 
080 |a 929 Prekop, Rudo  |2 2001 
245 0 0 |a NOVA ponúka Reálovky Ruda Prekopa  |c [autor] (nit) 
300 |b Fotogr. 
610 2 7 |a Verejná knižnica Jána Bocatia v Košiciach.  |b Fotogaléria NOVA  |2 kevkjb  |9 259984 
611 2 7 |a Reálovky  |g výstava  |d (2010 :  |c Košice, Slovensko)  |2 kevkjb  |9 1592269 
648 7 |a 2010  |2 kevkjb  |9 324355 
650 0 7 |a rodáci  |2 snkbucl  |9 30842 
650 0 7 |a Prekop, Rudo,  |d 1959-  |2 kevkjb  |9 1209111 
650 0 7 |a výstavy  |2 kevkjb  |9 2780 
651 7 |a Košice (Slovensko)  |2 kevkjb  |9 18694 
773 0 |t Košický Korzár  |g Roč. XIII, č. 115 (21.5.2010), s. 4  |x 1335-4566 
852 |a KEVKJB  |b KIS3GCP 
958 |a BX 
999 |c 3268564  |d 3270494